| 000 | 01007nac a22003257a 4500 | ||
|---|---|---|---|
| 001 | BR0100314 | ||
| 003 | BR-BrBNA | ||
| 005 | 20240105122503.0 | ||
| 008 | 230509b bl.|||m| |||| 00| 0 por d | ||
| 040 |
_aBR-BrBNA _bpor _cBiblioteca Nacional de Agricultura |
||
| 072 | _aF01 | ||
| 090 | _a0150 BR0100314 | ||
| 100 | 1 | _aSilva, S.C. da | |
| 100 | 1 | _aMeireles, E.J.L. | |
| 100 | 1 | _aAssad, E.D. | |
| 100 | 1 | _aXavier, L. de S. | |
| 100 | 1 | _aCunha, M.A.C. da | |
| 110 | 1 |
_aEMBRAPA Arroz e Feijao, Goiania, GO (Brasil) _93568 |
|
| 245 | 1 | _aPeriodos mais apropriados para a semeadura do arroz de terras altas em Mato Grosso | |
| 260 | 3 |
_aGoiania, GO (Brasil): _c1997. |
|
| 300 | _a2 p. | ||
| 490 |
_aPesquisa em Foco - EMBRAPA Arroz e Feijao (Brazil) _vno. 7 _xISSN 1415-2304 |
||
| 650 | _aArroz | ||
| 650 | _aPratica Cultural | ||
| 650 | _aPrecipitacao Pluvial | ||
| 650 | _aRendimento | ||
| 650 | _aMato Grosso | ||
| 909 |
_a202312 _bLúcia Elande _c55 _dLúcia Elande |
||
| 942 |
_2AGRIS _n0 _cMS |
||
| 999 |
_c291295 _d291295 |
||